Shalom
Saved in:
| Main Author: | |
|---|---|
| Corporate Author: | |
| Other Authors: | , |
| Format: | Audio |
| Language: | Hebrew |
| Published: |
Beacon, NY :
Jaybee Stereo,
[196-?]
|
| Subjects: | |
| Tags: |
Add Tag
No Tags, Be the first to tag this record!
|
| LEADER | 00809njm a22002537u 4500 | ||
|---|---|---|---|
| 001 | 007789043-4 | ||
| 005 | 20020606104010.5 | ||
| 008 | 831117n196u nyu|||| |||||| ||| heb|d | ||
| 028 | 0 | 2 | |a JB 1801 |b Jaybee |
| 035 | 0 | |a ocm39160566 | |
| 100 | 1 | |a Norman Brody. | |
| 245 | 1 | 0 | |a Shalom |h sound recording / |c with the Winged Victory Singers ; directed by Joe Baris. |
| 260 | 0 | |a Beacon, NY : |b Jaybee Stereo, |c [196-?] | |
| 300 | |a 1 sound disc : |b 33 1/3 rpm (stereo) ; |c 12 in. | ||
| 650 | 0 | |a Songs, Hebrew |z United States. | |
| 655 | 7 | |a Phonograph records. |2 local | |
| 650 | 0 | |a Songs, Yiddish |z United States. | |
| 650 | 0 | |a Synagogue music |z United States. | |
| 650 | 0 | |a Jews |z United States |v Music. | |
| 700 | 1 | |a Brody, Norman. | |
| 700 | 1 | |a Baris, Joe. | |
| 710 | 2 | |a Winged Victory Singers. | |
| 988 | |a 20020608 | ||
| 906 | |0 MH | ||


